<?xml version="1.0" encoding="UTF-8"?>
<record
    xmlns:xsi="http://www.w3.org/2001/XMLSchema-instance"
    xsi:schemaLocation="http://www.loc.gov/MARC21/slim http://www.loc.gov/standards/marcxml/schema/MARC21slim.xsd"
    xmlns="http://www.loc.gov/MARC21/slim">

  <leader>02883nam a22003977a 4500</leader>
  <controlfield tag="003">OSt</controlfield>
  <controlfield tag="005">20260506165847.0</controlfield>
  <controlfield tag="008">230228b        |||||||| |||| 00| 0 eng d</controlfield>
  <datafield tag="020" ind1=" " ind2=" ">
    <subfield code="a">9786210403831 (paperback)</subfield>
  </datafield>
  <datafield tag="040" ind1=" " ind2=" ">
    <subfield code="c">Foundation University</subfield>
    <subfield code="e">rda</subfield>
  </datafield>
  <datafield tag="041" ind1=" " ind2=" ">
    <subfield code="a">eng</subfield>
  </datafield>
  <datafield tag="050" ind1=" " ind2=" ">
    <subfield code="a">HF 5549.5</subfield>
    <subfield code="b">.2020 A43</subfield>
  </datafield>
  <datafield tag="100" ind1=" " ind2=" ">
    <subfield code="a">Alcuaz, Vic</subfield>
    <subfield code="9">33623</subfield>
    <subfield code="e">author</subfield>
  </datafield>
  <datafield tag="245" ind1=" " ind2=" ">
    <subfield code="a">Multicultural diversity in the workplace for the tourism professional /</subfield>
    <subfield code="c">Vic Alcuaz, Ma. Christina G. Aquino.</subfield>
  </datafield>
  <datafield tag="250" ind1=" " ind2=" ">
    <subfield code="a">First edition</subfield>
  </datafield>
  <datafield tag="260" ind1=" " ind2=" ">
    <subfield code="a">Manila, Philippines :</subfield>
    <subfield code="b">Rex Book Store,</subfield>
    <subfield code="c">2020.</subfield>
  </datafield>
  <datafield tag="264" ind1=" " ind2=" ">
    <subfield code="4">2020</subfield>
  </datafield>
  <datafield tag="300" ind1=" " ind2=" ">
    <subfield code="a">v, 189 pages :</subfield>
    <subfield code="b">illustrations ;</subfield>
    <subfield code="c">25 cm.</subfield>
    <subfield code="3">pages</subfield>
    <subfield code="f">pages</subfield>
  </datafield>
  <datafield tag="336" ind1=" " ind2=" ">
    <subfield code="2">rdacontent</subfield>
    <subfield code="a">text</subfield>
  </datafield>
  <datafield tag="337" ind1=" " ind2=" ">
    <subfield code="2">rdamedia</subfield>
    <subfield code="a">unmediated</subfield>
    <subfield code="b">n</subfield>
  </datafield>
  <datafield tag="338" ind1=" " ind2=" ">
    <subfield code="2">rdacarrier</subfield>
    <subfield code="a">volume</subfield>
    <subfield code="3">paper</subfield>
    <subfield code="b">nc</subfield>
  </datafield>
  <datafield tag="490" ind1=" " ind2=" ">
    <subfield code="a">HRM-Tourism series</subfield>
  </datafield>
  <datafield tag="504" ind1=" " ind2=" ">
    <subfield code="a">Includes index.</subfield>
  </datafield>
  <datafield tag="505" ind1=" " ind2=" ">
    <subfield code="a">Chapter 1: Understanding Culture -- Chapter 2: Key Features of Culture -- Chapter 3: Tourism and the Tourism Professional -- Chapter 4: Multicultural Diversity in Tourism -- Chapter 5: Multicultural Diversity Among Tourism-related Professions -- Chapter 6: Diversities: Simple and Complex -- Chapter 7: Handling Guest or Customer Diversities -- Chapter 8: Handling Multicultural Peer Diversities -- Chapter 9: When Your Superior is Diverse -- Chapter 10: Diversities in Diverse Locations -- Chapter 11: Five Ways to Become a Diversity Champion -- Chapter 12: Benefits of a Diverse Workforce.

</subfield>
  </datafield>
  <datafield tag="520" ind1=" " ind2=" ">
    <subfield code="a">"This textbook covers basic concepts in culture and multicultural diversity as applied to tourism, the person, and the workplace as provided by Ms. Aquino. Various activities are recommended after each major topic for the application of the concepts. Case studies from actual experiences of Mr. Alcuaz are provided for further learning. Real-life experiences in dealing with various races, countries, religions, cultures and traditions, sexes and ages of the people that Mr. Alcuaz has come across over 40 years of being in the industry are also shared in this textbook."--Back cover</subfield>
  </datafield>
  <datafield tag="650" ind1=" " ind2="0">
    <subfield code="a">Diversity in the work place</subfield>
    <subfield code="9">29552</subfield>
    <subfield code="z">Philippines</subfield>
  </datafield>
  <datafield tag="650" ind1=" " ind2="0">
    <subfield code="a">Culture</subfield>
    <subfield code="9">1257</subfield>
  </datafield>
  <datafield tag="650" ind1=" " ind2="0">
    <subfield code="a">Tourism</subfield>
    <subfield code="9">1810</subfield>
    <subfield code="2">LC</subfield>
    <subfield code="z">Philippines.</subfield>
  </datafield>
  <datafield tag="658" ind1=" " ind2=" ">
    <subfield code="b">Multicultural Diversity in the Workplace</subfield>
    <subfield code="c">HOSM200</subfield>
  </datafield>
  <datafield tag="700" ind1=" " ind2=" ">
    <subfield code="a">Aquino, Ma. Christina G. </subfield>
    <subfield code="9">33624</subfield>
    <subfield code="e">author</subfield>
  </datafield>
  <datafield tag="856" ind1=" " ind2=" ">
    <subfield code="u">https://drive.google.com/file/d/14-TW0ZIoEND2gUm4RxkCxlC4CO7-fSk3/view?usp=sharing</subfield>
    <subfield code="y">Click here to view the table of contents</subfield>
  </datafield>
  <datafield tag="942" ind1=" " ind2=" ">
    <subfield code="2">lcc</subfield>
    <subfield code="c">BK</subfield>
    <subfield code="e">First edition</subfield>
    <subfield code="h">HF 5549.5</subfield>
    <subfield code="i">.2020 A43</subfield>
    <subfield code="k">(CHM)</subfield>
    <subfield code="n">0</subfield>
  </datafield>
  <datafield tag="999" ind1=" " ind2=" ">
    <subfield code="c">4940</subfield>
    <subfield code="d">4940</subfield>
  </datafield>
  <datafield tag="952" ind1=" " ind2=" ">
    <subfield code="u">https://drive.google.com/file/d/14-TW0ZIoEND2gUm4RxkCxlC4CO7-fSk3/view?usp=sharing</subfield>
    <subfield code="0">0</subfield>
    <subfield code="1">0</subfield>
    <subfield code="2">lcc</subfield>
    <subfield code="4">0</subfield>
    <subfield code="7">7</subfield>
    <subfield code="8">NFIC</subfield>
    <subfield code="a">FOUNDATION</subfield>
    <subfield code="b">FOUNDATION</subfield>
    <subfield code="c">MAIN-CHM</subfield>
    <subfield code="d">2025-08-29</subfield>
    <subfield code="e">Library Budget</subfield>
    <subfield code="l">0</subfield>
    <subfield code="o">(CHM) HF 5549.5 .2020 A43</subfield>
    <subfield code="p">0252025003030</subfield>
    <subfield code="r">2025-08-29 16:47:00</subfield>
    <subfield code="w">2025-08-29</subfield>
    <subfield code="y">BK</subfield>
    <subfield code="k">CHM-2025030</subfield>
  </datafield>
  <datafield tag="952" ind1=" " ind2=" ">
    <subfield code="u">https://drive.google.com/file/d/14-TW0ZIoEND2gUm4RxkCxlC4CO7-fSk3/view?usp=sharing</subfield>
    <subfield code="0">0</subfield>
    <subfield code="1">0</subfield>
    <subfield code="2">lcc</subfield>
    <subfield code="4">0</subfield>
    <subfield code="7">4</subfield>
    <subfield code="8">NFIC</subfield>
    <subfield code="a">FOUNDATION</subfield>
    <subfield code="b">FOUNDATION</subfield>
    <subfield code="c">MAIN-CHM</subfield>
    <subfield code="d">2026-05-06</subfield>
    <subfield code="e">Library Budget</subfield>
    <subfield code="l">0</subfield>
    <subfield code="o">(CHM-HosMgt) HF 5549.5 .2020 A43 c.2</subfield>
    <subfield code="p">0252026003064</subfield>
    <subfield code="r">2026-05-06 16:51:04</subfield>
    <subfield code="w">2026-05-06</subfield>
    <subfield code="y">BK</subfield>
    <subfield code="k">CHM-HosMgt-2026064</subfield>
  </datafield>
  <datafield tag="952" ind1=" " ind2=" ">
    <subfield code="u">https://drive.google.com/file/d/14-TW0ZIoEND2gUm4RxkCxlC4CO7-fSk3/view?usp=sharing</subfield>
    <subfield code="0">0</subfield>
    <subfield code="1">0</subfield>
    <subfield code="2">lcc</subfield>
    <subfield code="4">0</subfield>
    <subfield code="7">0</subfield>
    <subfield code="8">NFIC</subfield>
    <subfield code="a">FOUNDATION</subfield>
    <subfield code="b">FOUNDATION</subfield>
    <subfield code="c">MAIN-CHM</subfield>
    <subfield code="d">2026-05-06</subfield>
    <subfield code="e">library Budget</subfield>
    <subfield code="l">0</subfield>
    <subfield code="o">(CHM-HosMgt) HF 5549.5 .2020 A43 c.3</subfield>
    <subfield code="p">0252026003065</subfield>
    <subfield code="r">2026-05-06 16:52:12</subfield>
    <subfield code="w">2026-05-06</subfield>
    <subfield code="y">BK</subfield>
    <subfield code="k">CHM-HosMgt-2026065</subfield>
  </datafield>
</record>
